000 00512nam a2200181Ia 4500
999 _c34633
_d34633
003 OSt
005 20200909100433.0
008 190216s9999||||xx |||||||||||||| ||und||
020 _a9788187134220
040 _coclc
082 _a539.7
_bGUP/M
100 _aGupta, A B
_94510
245 0 _aModern Atomic And Nuclear Physics /
_cA B Gupta
260 _bBooks And Allied Pvt Ltd,
_c2012.
_aKolkata:
300 _a867p
650 _aPhysics
942 _cBK
_2ddc
_h539.7
_iGUP/M
_k539.7
_mGUP/M